|
|
|
|
| LEADER |
00000nab a2200000uu 4500 |
| 001 |
vtls011438113 |
| 003 |
SK-MaSNL |
| 005 |
20260303145650.0 |
| 008 |
230222| xo |||||||||||||||||cze| |
| 015 |
|
|
|a SNBRB
|
| 035 |
|
|
|a (urnnbn)urn:nbn:sk:snk:ar-002nzv
|
| 035 |
|
|
|a (uuid)13e7ea50-8ba7-466e-af66-d62d3a819c73
|
| 035 |
|
|
|a urn:nbn:sk:snk-abcd48
|
| 040 |
|
|
|a SNKBUCL
|b slo
|c SNKBUCL
|e AACR2
|
| 041 |
0 |
|
|a cze
|
| 044 |
|
|
|a xo
|c SK
|
| 100 |
1 |
|
|a Ouhelová, Hana
|4 aut
|9 1168389
|
| 245 |
1 |
0 |
|a Nové pojetí hudební výchovy v poslechových činnostech
|c Hana Ouhelová
|
| 773 |
0 |
|
|t Predškolská výchova : pedagogický časopis pre učiteľky materských škôl
|g Roč. 32, č. 11 (1977-1978), s. 317-318
|
| 958 |
|
|
|a OND
|
| 958 |
|
|
|a EUIPO
|
| 958 |
|
|
|a article16
|
| 999 |
|
|
|c 2004402
|d 2006332
|